| 000 | 00656cam a22002052 4500 | ||
|---|---|---|---|
| 001 | 0000002994 | ||
| 005 | 20151217151911.0 | ||
| 008 | 070425s xx 000 0 eng d | ||
| 020 |
_a02736597782 : _cKES 5,799 |
||
| 040 |
_aKABU _cKABU |
||
| 050 | 0 |
_aHG4012.5 _b.D39 |
|
| 100 | 1 |
_aDay, Alastair L. _@0000152556 |
|
| 245 | 1 | 0 |
_aMastering risk modelling : _ba practical guide to modelling uncertainity with Excel. |
| 260 |
_aLondon : _bPrentice Hall, _c2003. |
||
| 300 | _axiv, 397 p. | ||
| 650 | 0 |
_aBusiness enterprises _xFinance _xData processing. _@0000152557 |
|
| 908 | _a070425 | ||
| 950 | _@1 | ||
| 999 |
_c6158 _d6158 |
||